Is apple... ? - Statistics

General Stats
  • This quiz has been taken 50,561 times
    50,541 since last reset
  • The average score is 19 of 27
Answer Stats
Hint Answer % Correct
... a fruit? Yes
99%
... sometimes red? Yes
99%
... found on trees? Yes
99%
... a lizard? No
97%
... a Spice Girl? No
90%
... the maker of iPhones? Yes
89%
... able to float on water? Yes
88%
... edible? Yes
86%
... poisonous? No
85%
... a king of Wales? No
85%
... what killed Franz Ferdinand? No
82%
... tortuga in Spanish? No
80%
... on Hawaiian pizza? No
80%
... pomme in French? Yes
80%
... a Patrick Swayze film? No
77%
... a Greek letter? No
71%
... Batman? No
63%
... a berry? No
58%
... a noun? Yes
51%
... a child of Gwyneth Paltrow? Yes
49%
... a word in German? No
46%
... the name of the Beatles' record company Yes
46%
... tangible? Yes
45%
... a plant that comes from the New World No
42%
... a suffix to pine? Yes
31%
... a cause of the Trojan War Yes
26%
... a prefix to cap? No
23%
No matching quizzes found
Score Distribution
Percent of People with Each Score
Percentile by Number Answered
Your Score History
You have not taken this quiz since the last reset